Jay Rock Discography - Statistics

General Stats
  • This quiz has been taken 2 times
  • The average score is 2 of 12
Answer Stats
Year Name Type % Correct
2015 90059 Album
100%
2011 Follow Me Home Album
50%
2007 No Sleep 'Til NYC Collaborative Mixtape
50%
2010 Black Friday Mixtape
0%
2009 Coming Soon 2 a Hood Near You Mixtape
0%
2008 Coming Soon to a Hood Near You Mixtape
0%
2008 Do It N.... Squad Vol. 1 Mixtape
0%
2010 From Hood Tales to the Cover of XXL Mixtape
0%
2009 Gudda Muzik Mixtape
0%
2006 Watts Finest Vol. 1 Mixtape
0%
2007 Watts Finest Vol. III: The Watts Riots Mixtape
0%
2006 Watts Finest Vol. II: The Nickerson Files Mixtape
0%
No matching quizzes found
Score Distribution
Percent of People with Each Score
Percentile by Number Answered
Your Score History
You have not taken this quiz